| 000 | 00533nam a2200145 4500 | ||
|---|---|---|---|
| 082 | _aMSEE-06 AMA | ||
| 245 | _aAnalysis and design of electrically small printed inverted F Antenna | ||
| 260 |
_aIslamabad _bNUST-SEECS _c2017 |
||
| 300 |
_a62p. _eCD Includes |
||
| 856 | _uhttp://10.250.8.41:8080/xmlui/handle/123456789/21219 | ||
| 942 |
_2ddc _cTHE |
||
| 999 |
_c332388 _d332388 |
||